书目信息 |
| 题名: |
威尔第书信选
|
|
| 作者: | 威尔第 , Verdi 著 ;李季芳 译 | |
| 分册: | ||
| 出版信息: | 北京 人民音乐出版社 1978 |
|
| 页数: | 149页 | |
| 开本: | 20cm | |
| 丛书名: | ||
| 单 册: | ||
| 中图分类: | J04 | |
| 科图分类: | ||
| 主题词: | 书信集-威尔第,G , 艺术--创作方法 | |
| 电子资源: | ||
| ISBN: | ||
| 000 | 00711nam0 2200265 45 | |
| 001 | 0178005520 | |
| 005 | 20060912162503.60 | |
| 010 | @dCNY0.64 | |
| 091 | @a8026.3506 | |
| 100 | @a19950804d1978 em y0chiy0121 ea | |
| 101 | 1 | @achi |
| 102 | @aCN@b110000 | |
| 105 | @ay z 000yy | |
| 200 | 10 | @a威尔第书信选@Awei er di shu xin xuan@f(意)威尔第(G.Verdi)著@g李季芳等译 |
| 210 | @a北京@c人民音乐出版社@d1978 | |
| 215 | @a149页@d20cm | |
| 600 | 0 | @a威尔第@bG-书信集 |
| 606 | @a书信集-威尔第,G | |
| 606 | 0 | @a艺术@x创作方法 |
| 690 | @aJ04 | |
| 701 | 1 | @a威尔第@Awei er di@bG.@4著 |
| 701 | A1 | @aVerdi@bG.@4著 |
| 702 | 0 | @a李季芳@Ali ji fang@4译 |
| 801 | 0 | @aCN@bNLC@c20060912 |
| 905 | @f1@b3346@dJ04@e5 | |
| 威尔第书信选/(意)威尔第(G.Verdi)著/李季芳等译.-北京:人民音乐出版社,1978 |
| 149页;20cm |
| ISBN :CNY0.64 |
| ● |
| 相关链接 |
|
|
|
|
正题名:威尔第书信选
索取号:J04/5
 
预约/预借
| 序号 | 登录号 | 条形码 | 馆藏地/架位号 | 状态 | 备注 |
| 1 | 0003346 | 001860187 | 密集书库/ [索取号:J04/5] | 在馆 | |
| 2 | 0475015 | 204750153 | 密集书库/ [索取号:J04/5] | 在馆 |